| 000 | 00767nam a2200229Ia 4500 | ||
|---|---|---|---|
| 003 | OSt | ||
| 005 | 20240627110434.0 | ||
| 008 | 210716s2011 xx 000 0 und d | ||
| 020 | _a9788177586923 | ||
| 040 | _cAIMIT LIBRARY | ||
| 041 | _aeng | ||
| 082 |
_a005.1331 _bSUTH |
||
| 100 |
_aSutter, Herb. _9171781 |
||
| 245 |
_aExceptional c++: _b47 engineering puzzles programming problems and exception safety solutions / _cBy Sutter Herb. |
||
| 250 | _a1st ed. | ||
| 260 |
_aNew Delhi : _bPearson Education ; _c2011. |
||
| 300 |
_axiv;215p. ; _bPB _c24 cm. |
||
| 650 |
_aGeneric programming and c++ standard library _9171782 |
||
| 650 |
_aCompller firewalls and the pimpl idiom _9171783 |
||
| 650 |
_aMemory management _9171784 |
||
| 942 |
_2ddc _cBK _k005.1331 SUTH |
||
| 999 |
_c192297 _d192297 |
||